Preparing microproject proposals to improve household food security and nutrition (Record no. 32459)

MARC details
000 -LEADER
fixed length control field 00789nam a2200157 a 4500
008 - FIXED-LENGTH DATA ELEMENTS--GENERAL INFORMATION
fixed length control field 120919s2002 ||||||||||||||||| || u
050 ## - LIBRARY OF CONGRESS CALL NUMBER
Classification number TX 360 Foo
110 ## - MAIN ENTRY--CORPORATE NAME
Corporate name or jurisdiction name as entry element United Nations Food and Agriculture Organisation (FAO)
245 10 - TITLE STATEMENT
Title Preparing microproject proposals to improve household food security and nutrition
Statement of responsibility, etc. by Food and Agriculture Organization (FAO)
260 ## - PUBLICATION, DISTRIBUTION, ETC.
Place of publication, distribution, etc. Rome
Name of publisher, distributor, etc. United Nations Food and Agriculture Organisation (FAO)
Date of publication, distribution, etc. 2002
300 ## - PHYSICAL DESCRIPTION
Extent v, 62p.: ill.
362 1# -
-- <p>Orange Trunck Library Collection (WHO)</p>
650 ## - SUBJECT ADDED ENTRY--TOPICAL TERM
Topical term or geographic name entry element FOOD SECURITY--CONGRESSES
650 #0 - SUBJECT ADDED ENTRY--TOPICAL TERM
Topical term or geographic name entry element NUTRITION POLICY
995 ## -
-- MEDICAL LIBRARY OPEN ACCESS
-- 901893
-- CBU-SCHOOL OF MEDICINE LIBRARY (Ndola)
-- OTL TX 360 Foo (BOX 8)
-- 1
-- AVAILABLE
-- Nov 2, 2012
-- 901893
-- Medical Library Open Access Collection
999 ## -
-- 32459
-- 32459
Holdings
Withdrawn status Lost status Source of classification or shelving scheme Damaged status Not for loan Permanent Location Current Location Shelving location Date acquired Total Checkouts Full call number Barcode Date last seen Price effective from Koha item type
          CBU-SCHOOL OF MEDICINE LIBRARY, NDOLA. CBU-SCHOOL OF MEDICINE LIBRARY, NDOLA.   11/30/2022   TX 360 Foo 901893 11/30/2022 11/30/2022 MONOGRAPH